Villes les plus peuplées de France hors Île-de-France et préfectures sur une carte - Statistiques

Statistiques générales
  • Ce quiz a été pris 6 963 fois
  • Le résultat moyen est 20 sur 50
Réponses sur la Carte
Les réponses sont colorées sur une échelle allant du rouge au vert en fonction du pourcentage des utilisateurs qui les ont devinées à leur premier essai. Vous pouvez retrouver ces pourcentages ci-dessous.
 
Statistiques - réponses
Nombre d’habitants Réponse % Correct
139 619 Brest
89%
166 058 Le Havre
80%
86 788 Dunkerque
73%
179 380 Reims
71%
67 380 Calais
67%
73 255 Cannes
65%
106 341 Mulhouse
63%
156 928 Villeurbanne
63%
147 478 Aix-en-Provence
61%
77 808 Cherbourg-en-Cotentin
61%
52 749 Bayonne
58%
57 846 Lorient
58%
47 323 Saint-Malo
58%
98 892 Roubaix
57%
72 057 Saint-Nazaire
55%
99 011 Tourcoing
49%
80 341 Béziers
46%
56 395 Narbonne
45%
75 130 Antibes
40%
84 077 Saint-Pierre
39%
44 712 Sète
39%
57 082 Fréjus
38%
48 402 Les-Sables-d’Olonne
38%
50 415 Arles
37%
55 103 Hyères
37%
75 729 Mérignac
36%
105 240 Saint-Paul
35%
52 958 Saint-Quentin
32%
53 936 Cholet
31%
66 760 Pessac
31%
62 067 Villeneuve d’Ascq
31%
46 599 Brive-la-Gaillarde
29%
66 363 Vénissieux
28%
45 031 Châlon-sur-Saône
27%
81 943 Le Tampon
27%
50 250 Saint-Laurent-du-Maroni
27%
62 763 La-Seyne-sur-Mer
26%
48 568 Martigues
26%
48 323 Grasse
25%
47 342 Aubagne
23%
44 577 Istres
23%
52 118 Les Abymes
21%
52 580 Cagnes-sur-Mer
18%
49 537 Saint-Herblain
18%
52 139 Vaulx-en-Velin
18%
48 822 Saint-Priest
17%
45 225 Talence
16%
53 935 Saint-Louis
14%
44 731 Salon-de-Provence
14%
57 150 Saint-André
12%
Aucun quiz correspondant
Distribution des résultats
% des personnes avec chaque résultat
Percentile par nombre de réponses
Votre historique - résultats
Vous n’avez pas pris ce quiz